02103 a2200169 45000010006000000050017000060080041000230030015000640400040000790800044001192450045001630200018002082640051002263000019002775051606002961000031019024865720260407155751.0260407a1998 arg spa dAR-UNSa-BCEJYS aAR-UNSa-BCEJYSbspacAR-UNSa-BCEJYS a347.41xObligaciones en general (civil)10aObligaciones naturales y deberes morales a950-572-439-X 1aBuenos Aires :bVíctor P. de Zavalíac1998 a377 p.c23 cm. aSección Primera: Los deberes morales y las obligaciones naturales: 1. Introducción - 2. Obligaciones naturales - 3. El cumplimiento de las obligaciones naturales - 4. Deberes morales - Sección Segunda: Antecedentes históricos: 1. Necesidad del estudio histórico - 2. El derecho griego y las obligaciones naturales - 3. El derecho romano - 4. Derecho romano (continuación). Distintas hipótesis de obligaciones naturales: Parte Primera: Obligaciones naturales que nacen con ese carácter - Parte Segunda: Obligaciones que comienzan siendo civiles y se transforman en naturales - 5. Derecho romano (continuación). Las llamadas obligaciones naturales impropias - 6. Derecho español histórico: Las partidas - Sección tercera: Derecho comparado: 1. Introducción - 2. Sistema angloamericano - 3. Sistema francés (Obligaciones naturales) - 4. Códigos que no mencionan las obligaciones naturales - 5. Sistema Germánico. Códigos que hablan de deberes morales - 6. Ordenamientos jurídicos que superponen las denominaciones de obligación natural y deber moral - 7. Sistema socialista - 8. Sistema hispanoamericano (Obligaciones naturales) - Sección Cuarta: Derecho argentino: 1. Introducción - 2. Características de las obligaciones naturales - 3. Efectos de las obligaciones naturales - 4. Supuestos de obligaciones naturales - 5. Análisis de los distintos supuestos - 6. Análisis de los distintos supuestos (continuación) - 7. Análisis de los distintos supuestos (continuación) - 8. Los deberes morales como obligaciones naturales - 9. Proyectos de reforma.1 aMoisset de Espanés, Luis